Diagnosis of some wilt-like disorders of chickpea (Cicer arietinum L.) /

Bibliographic Details
Main Author: Nene, Y. L.
Other Authors: Haware, M. P., Venkata Reddy, M.
Format: Book
Language:English
Published: Hyderabad, India : International Crops Research Institute for the Semi-Arid Tropics, [between 1978 and 1981]
Series:Information bulletin (International Crops Research Institute for the Semi-Arid Tropics) ; no. 3.
Subjects:

MARC

Tag First Indicator Second Indicator Subfields
LEADER 00000cam a2200000 a 4500
001 in00000085969
005 20151008064401.0
008 811026q19781981ii a 00010 eng d
035 |a (OCoLC)07880035 
035 |9 AAK4078AM 
040 |a IRU  |c IRU  |d TXA  |d UtOrBLW 
049 |a TXAM  |c 1 [1655249], 2 [271614] 
090 |a SB35 C45  |b  N4 
100 1 |a Nene, Y. L. 
245 1 0 |a Diagnosis of some wilt-like disorders of chickpea (Cicer arietinum L.) /  |c Y.L. Nene, M.P. Haware, and M.V. Reddy. 
264 1 |a Hyderabad, India :  |b International Crops Research Institute for the Semi-Arid Tropics,  |c [between 1978 and 1981] 
300 |a 44 pages :  |b color illustrations ;  |c 18 cm. 
336 |a text  |b txt  |2 rdacontent 
337 |a unmediated  |b n  |2 rdamedia 
338 |a volume  |b nc  |2 rdacarrier 
490 1 |a Information bulletin / International Crops Research Institute for the Semi-arid Tropics ;  |v no. 3 
650 0 |a Chickpea  |x Diseases and pests. 
700 1 |a Haware, M. P. 
700 1 |a Venkata Reddy, M. 
830 0 |a Information bulletin (International Crops Research Institute for the Semi-Arid Tropics) ;  |v no. 3. 
999 |a MARS 
999 f f |s 149c61ff-cf54-3057-98dd-78ac976f46eb  |i eac4b63a-ffe4-34c5-846d-8561e11b0991  |t 0 
952 f f |p ric  |a Texas A&M University  |b Rellis Campus  |c Joint Library Facility  |d Remote Storage  |t 0  |e SB35 C45 N4  |h Library of Congress classification  |i unmediated -- volume  |m A14807617180 
998 f f |a SB35 C45 N4  |t 0  |l Remote Storage